| 000 | 00674nam a2200241 a 4500 | ||
|---|---|---|---|
| 001 | 0001-1175 | ||
| 003 | ELIB.Books | ||
| 008 | 150507 2010 eng | ||
| 020 | _a0801022754 | ||
| 035 | _a(ELIB.Books)0001-1330 | ||
| 092 |
_a268 _bAnt |
||
| 100 | _aAnthony, Michael J. | ||
| 245 |
_aIntroducing Christian Education _bFoundations for the Twenty-first Century |
||
| 260 |
_aGrand Rapids _bBaker Academic _c2001 |
||
| 300 |
_a301 _c26 Cm |
||
| 500 | _aC/o Moe Lwei | ||
| 650 | _aChristian Education | ||
| 856 |
_nKBTS: Library _uKBTS: Elib |
||
| 942 |
_2ddc _cBK |
||
| 990 | _a2 | ||
| 998 |
_cbat _e2015-05-07 _mcat _u2020-06-01 |
||
| 999 |
_c11175 _d11175 |
||